La crisis energética y el carbón en Colombia : (Registro nro. 7396)
[ vista simple ]
| 000 -LEADER | |
|---|---|
| fixed length control field | 00934nam a22002177a 4500 |
| 003 - CONTROL NUMBER IDENTIFIER | |
| control field | OSt |
| 005 - DATE AND TIME OF LATEST TRANSACTION | |
| control field | 20210301170121.0 |
| 008 - FIXED-LENGTH DATA ELEMENTS--GENERAL INFORMATION | |
| fixed length control field | 210301s1980 ck abd|gr|||| 00| 0 spa d |
| 040 ## - CATALOGING SOURCE | |
| Original cataloging agency | CO-JMCR |
| Transcribing agency | CO-JMCR |
| 041 0# - LANGUAGE CODE | |
| Language code of text/sound track or separate title | spa |
| 082 04 - DEWEY DECIMAL CLASSIFICATION NUMBER | |
| Classification number | 333.822861 / |
| Item number | A185c |
| Edition number | 23 |
| 100 1# - MAIN ENTRY--PERSONAL NAME | |
| Personal name | Acosta M., Amylkar, |
| Relator term | autor |
| 9 (RLIN) | 14195 |
| 245 ## - TITLE STATEMENT | |
| Title | La crisis energética y el carbón en Colombia : |
| Remainder of title | esperanza y frustración / |
| Statement of responsibility, etc. | Acosta M., Amylkar |
| 250 ## - EDITION STATEMENT | |
| Edition statement | Primera edición |
| 260 ## - PUBLICATION, DISTRIBUTION, ETC. | |
| Place of publication, distribution, etc. | Medellín, Colombia : |
| Name of publisher, distributor, etc. | Lealon, |
| Date of publication, distribution, etc. | 1980 |
| 300 ## - PHYSICAL DESCRIPTION | |
| Extent | 146 páginas ; 1 página plegada : |
| Other physical details | ilustraciones, mapas y graficos en blanco y negro ; |
| Dimensions | 24 cm. |
| 505 ## - FORMATTED CONTENTS NOTE | |
| Formatted contents note | la geografía política del carbón -- Eclipse del petroleó y despuntar del carbón -- Colombia en la encrucijada -- Realidad y perspectiva del carbón en Colombia -- El Cerrejón |
| 650 14 - SUBJECT ADDED ENTRY--TOPICAL TERM | |
| Topical term or geographic name entry element | Recursos de energía |
| Geographic subdivision | Colombia |
| 9 (RLIN) | 14196 |
| 650 14 - SUBJECT ADDED ENTRY--TOPICAL TERM | |
| Topical term or geographic name entry element | Carbón |
| Geographic subdivision | Colombia |
| 9 (RLIN) | 14197 |
| 942 ## - ADDED ENTRY ELEMENTS (KOHA) | |
| Source of classification or shelving scheme | Dewey Decimal Classification |
| Koha item type | Books |
| Withdrawn status | Lost status | Source of classification or shelving scheme | Damaged status | Not for loan | Home library | Current library | Shelving location | Date acquired | Source of acquisition | Full call number | Barcode | Date last seen | Copy number | Price effective from | Koha item type |
|---|---|---|---|---|---|---|---|---|---|---|---|---|---|---|---|
| Dewey Decimal Classification | Biblioteca Pública José María del Castillo y Rada | Biblioteca Pública José María del Castillo y Rada | General Stacks | 02/25/2021 | Donación | 333.822861 / A185c | 201811728 | 05/16/2024 | Ej.1 | 02/25/2021 | Books |